00722nam a2200193 a 450000100100000000500170001000800410002702000150006804000250008308200180010810000180012624500850014426000340022930000310026350000710029465000580036565000630042370000420048600001490020240305140537.0100127s2006 dr c 000 0 spa d a9945160346 aDO-SdBNPbspacBNPHU a305.42bV297m1 aVargas, Sonia10aMujeres y espacios políticos /cSonia Vargas ; editor José Enrique García. aSanto Domingo :bBuho,c2006. a134 p. :bretrs. ;c23 cm. aIncluye datos biográficos del autor en la solapa de la cubierta. 4aMujeres en la políticaxEnsayos, conferencias, etc. 4aMujeresxCondiciones socialesxEnsayos, conferencias, etc.12aGarcía, José Enrique,d1948-eed.